Estatísticas para Fernando Torres

Clique aqui para jogar o quiz

Estatísticas Gerais

  • Esse quiz foi jogado 26 vezes
  • A pontuação média é 7 de 8

Estatísticas das Respostas

AnosClubes% Correto
2001-2007Atlético de Madrid
100%
2015-2016(Emp.)Atlético de Madrid
100%
2016-2018Atlético de Madrid
100%
2011-2014Chelsea
100%
(Seleção)2003-2014Espanha
100%
2007-2011Liverpool
96%
2014-2016Milan
43%
2018-2019Sagan Tosu
22%

Distribuição das Pontuações

Percentil de Números Respondidos

Porcentagem de Pessoas com Cada Pontuação

Sua Pontuação Histórica

Você não jogou esse quiz